000 00683nam a22001577a 4500
003 OSt
005 20150923103529.0
008 150923b xxu||||| |||| 00| 0 eng d
040 _cRUA
082 _aAGR HEN 2007 B048 Or.1
100 _91165
_aHENG, SEYHA.
245 _aEffect of different fertilizer on rice yield of ir 66 variety in mokkampoul district, kandal province ឥទ្ធិពលជីផ្សេងៗគ្នាទៅលើទិន្នផលពូជស្រូវអីអ៊ែ​៦៦​នៅស្រុកមុខកំពូលខេត្តកណ្ដាល
260 _aPhnom Penh
_bRUA
_c2007
300 _axv,54p.
_bill.
_c29cm.
942 _2ddc
_cAGR
999 _c1111
_d1111